Comcast HD Channel Line-up (Boston) Quiz Stats

 Plays Quiz not verified by Sporcle

Challenge
Share
Tweet
Embed
Score 0/26 Timer 05:00
0 Plays Today
Network Number % Correct
ABC805
86.4%
CBS804
72.7%
CNN842
59.1%
ESPN849
54.5%
E!834
54.5%
Disney Channel824
45.5%
FOX806
40.9%
NBC807
40.9%
Lifetime836
40.9%
TBS831
36.4%
TNT833
36.4%
NESN851
36.4%
Food Network854
36.4%
Network Number % Correct
USA835
31.8%
Cartoon Network860
22.7%
Bravo794
22.7%
HBO870
18.2%
DIscovery Channel823
18.2%
Weather Channel845
18.2%
Golf Channel848
13.6%
History Channel872
13.6%
MSNBC901
9.1%
National Geographic821
4.5%
NBA TV817
4.5%
QVC791
4.5%
G4786
4.5%

You're not logged in!

Compare scores with friends on all Sporcle quizzes.
Join for Free
OR
Log In

You Might Also Like...

Show Comments

Extras

Top Quizzes Today


Score Distribution

Your Account Isn't Verified!

In order to create a playlist on Sporcle, you need to verify the email address you used during registration. Go to your Sporcle Settings to finish the process.

Report this User

Report this user for behavior that violates our Community Guidelines.

Details: